Top 30 Greatest Songs of All Time - Statistics

General Stats
  • This quiz has been taken 98 times
  • The average score is 13 of 30
Answer Stats
Rank Song Artist % Correct
1 Bohemian Rhapsody Queen
93%
2 Hotel California Eagles
86%
4 Africa Toto
78%
5 Dancing Queen ABBA
74%
11 Smells Like Teen Spirit Nirvana
73%
12 Piano Man Billy Joel
66%
9 Stairway to Heaven Led Zeppelin
66%
26 Billie Jean Michael Jackson
65%
6 Viva La Vida Coldplay
65%
7 Purple Rain Prince and The Revolution
64%
24 Imagine John Lennon and Plastic Ono Band
53%
16 Hey Jude The Beatles
52%
30 Sweet Child o’ Mine Guns N’ Roses
43%
13 Summer of '69 Bryan Adams
42%
19 In the Air Tonight Phil Collins
41%
29 Losing My Religion R.E.M.
40%
17 Thunderstruck AC/DC
39%
23 Let It Be The Beatles
36%
18 Don't Stop Me Now Queen
35%
14 With or Without You U2
35%
3 Nothing Else Matters Metallica
31%
21 November Rain Guns N’ Roses
31%
15 “Heroes” David Bowie
30%
25 Paint It, Black The Rolling Stones
30%
10 Go Your Own Way Fleetwood Mac
20%
28 Fix You Coldplay
18%
20 Radar Love Golden Earring
17%
27 Paradise by the Dashboard Light Meat Loaf
11%
8 Sultan of Swing Dire Straits
9%
22 Child in Time Deep Purple
3%
No matching quizzes found
Score Distribution
Percent of People with Each Score
Percentile by Number Answered
Your Score History
You have not taken this quiz